000 01178nam a22002537a 4500
005 20090713154141.0
008 090713t xxu||||| |||| 00| 0 hin d
010 _aHIN-87283
020 _c200.00
_a8190215264
035 _aHN-59629
037 _bDBAD / PUB
040 _adpl
_bhn
082 _a595.7
100 _aचतुर्वेदी, महेश
245 _aकीट-पतंगों का जीवन /
_cमहेश चतुर्वेदी
246 _aKiita-patangon kaa Jiivana
_bby Mahesh Chaturvedi
260 _aदिल्ली
_bप्रवीण पुस्तक भण्डार
_c2009
270 _aहाउस नं. 568, डॉ,. मुख्रजी नगर
_bदिल्ली
_e110009
300 _a160पृ.
_c22सेमी (सजिल्द)
_bसचित्र
650 _aInsects
650 _aकीड़े मकोड़े
942 _2ddc
_cHN
_mचतुर्वे
_h595.7
999 _c28243
_d28243